مصريات رائعات ومبدعات / (Record no. 14941)
[ view plain ]
| 000 -LEADER | |
|---|---|
| fixed length control field | 00731nam a22001577a 4500 |
| 008 - FIXED-LENGTH DATA ELEMENTS--GENERAL INFORMATION | |
| fixed length control field | 110122t xxu||||| |||| 00| 0 eng d |
| 020 ## - INTERNATIONAL STANDARD BOOK NUMBER | |
| International Standard Book Number | 9770145211 |
| 082 ## - DEWEY DECIMAL CLASSIFICATION NUMBER | |
| Classification number | 301.412092 |
| Item number | م ص ر |
| 245 ## - TITLE STATEMENT | |
| Title | مصريات رائعات ومبدعات / |
| Statement of responsibility, etc | اعداد نخبة من الكاتبات والباحثات |
| 260 ## - PUBLICATION, DISTRIBUTION, ETC. (IMPRINT) | |
| Place of publication, distribution, etc | القاهرة : |
| Name of publisher, distributor, etc | الهيئة المصرة العامة للكتاب ، 1995 |
| Date of publication, distribution, etc | 1995 |
| 300 ## - PHYSICAL DESCRIPTION | |
| Extent | 170 ص؛ |
| Dimensions | 15 سم |
| 541 ## - IMMEDIATE SOURCE OF ACQUISITION NOTE | |
| Source of acquisition | د. باسم أحمد ؛ |
| 650 ## - SUBJECT ADDED ENTRY--TOPICAL TERM | |
| 9 (RLIN) | 22130 |
| Topical term or geographic name as entry element | المرأة المصرية |
| Form subdivision | تراجم |
| 942 ## - ADDED ENTRY ELEMENTS (KOHA) | |
| Source of classification or shelving scheme | Dewey Decimal Classification |
| Item type | Book - Borrowing |
| Withdrawn status | Item status | Source of classification or shelving scheme | Damaged status | Not for loan | Vendor | Home library | Current library | Shelving location | Date acquired | Source of acquisition | Total Checkouts | Full call number | Barcode | Checked out | Date last seen | Date last borrowed | Koha item type |
|---|---|---|---|---|---|---|---|---|---|---|---|---|---|---|---|---|---|
| Dewey Decimal Classification | Central Library | Central Library | First floor | 22/01/2011 | Donation | 1 | 301.412092 م ص ر | 000022790 | 20/11/2025 | 21/10/2025 | 21/10/2025 | Book - Borrowing |